{"text_format":"1","workbook":"xlsx","n_sheets":1,"sheets":["inv_fertilizantes_enero_2022_"],"not_rendered":{"charts":0,"images":2,"macros":0,"external_links":0,"defined_names":0,"comments":0,"pivot_tables":0},"unopened":[],"bounds":{"document_bytes":16777216,"sheet_cells":100000,"rows_first":2000,"rows_last":500,"rows_between":2000,"halvings":0,"cell_chars":16384,"cell_head_chars":4096},"cells_cut":0,"cells_raw":0,"read":"whole","date_system":"1900"}

{"sheet":"inv_fertilizantes_enero_2022_","index":0,"n_rows":90,"n_cols":8,"rows_kept":90,"cut":false,"hidden":false,"merged":[[89,0,89,6],[67,0,67,7],[69,0,71,0],[69,1,71,1],[69,2,71,2],[69,3,71,3],[69,4,71,4],[69,5,71,5],[69,6,71,6],[69,7,71,7],[36,5,38,5],[36,6,38,6],[36,7,38,7],[57,0,57,6],[65,0,65,7],[66,0,66,7],[5,7,7,7],[26,0,26,6],[32,0,32,7],[33,0,33,7],[34,0,34,7],[36,0,38,0],[36,1,38,1],[36,2,38,2],[36,3,38,3],[36,4,38,4],[2,0,2,7],[3,0,3,7],[4,0,4,7],[5,0,7,0],[5,1,7,1],[5,2,7,2],[5,3,7,3],[5,4,7,4],[5,5,7,5],[5,6,7,6]]}
[]
[]
["INSTITUTO DEL TABACO DE LA REPÚBLICA DOMINICANA"]
["INVENTARIO FERTILIZANTES"]
["MES DE ENERO 2022"]
["Fecha de adquisión y/o registro","Artículo","Código Institucional","Descripción artículo","Existencia","Unidad","Costo","Valor"]
[]
[]
["2017-01-11","FERTILIZANTE ( 1 )","A10-18-15(S)","ABONO 10-18-15(S)",335,"QTAL",1916,{"$f":"+G9*E9","v":641860}]
["2017-06-26","FERTILIZANTE ( 1 )","ABON10-18-15S","ABONO 10-18-15 (S) FORM. SULF.",47,"QTAL",1415,66505]
["2017-12-26","FERTILIZANTE ( 1 )","ABON15-15-15","ABONO 15-15-15",1,"QTAL",1563,1563]
["2017-11-10","FERTILIZANTE ( 1 )","ABON15-15-15S-5S2MGO","ABON15-15-15S-5S +2MGO",273,"QTAL",1997.16,545224.68000000005]
["2017-01-23","FERTILIZANTE ( 1 )","ABONO","ABONO 15-15-15 (S)+2MGO",5,"QTAL",1448,7240]
["2007-02-28","FERTILIZANTE ( 1 )","ABON-SOLIMAN","ABONO-SOLIMAN",28,"QTAL",525,14700]
["2016-10-04","FERTILIZANTE ( 1 )","ABOTNC","ABOTERRA NITRATO DE CALCIO",40,"55LBS",630,25200]
["2017-06-26","FERTILIZANTE ( 1 )","AVE-O.001","AVE-O (LITRO)",6,"LITRO",1620,9720]
["2016-10-04","FERTILIZANTE ( 1 )","CALMAGN-QTAL","CAL MAGNESIO",145,"QTAL",473,68585]
["2016-10-04","FERTILIZANTE ( 1 )","FLOR-SOLUB","FLORACION SOLUBLE",50,"55LBS",1214.4000000000001,60720.000000000007]
["2017-11-01","FERTILIZANTE ( 1 )","PLAMT-3","PLAMTAR 3 - BALANCE NK",9,"25LBS",573.75,5163.75]
["2016-10-24","FERTILIZANTE ( 1 )","PLANT-SEM-12-8-20S","PLANTAR SEMILLERO 12-8-20S+4MGO+ME 67%N",8,"25LBS",751,6008]
["2017-11-01","FERTILIZANTE ( 1 )","PROD-SOLUB","PRODUCCION SOLUBLE",11,"55LBS",1862.0409099999999,20482.45001]
["2017-12-26","FERTILIZANTE ( 1 )","PS275L","PACA SUSTRACTO 275 LITROS",184,"UND",1785,328440]
["2017-01-23","FERTILIZANTE ( 1 )","SEMI-FUTURO","SEMILLERO FUTURO ( 12-8- 20+4MGO+4S+ME)",30,"55LBS",795,23850]
["2017-01-23","FERTILIZANTE ( 1 )","SULFZINC","SULFATO DE ZINC )",2,"25KG",1408,2816]
["2017-01-23","GENERAL ( 10 )","LOM","LOMBRICES COMPST FRUTAS Y VEGETALES",170,"UND",500,85000]
["2016-10-24","MATERIALES ( 9 )","ROLL-TELA3.5X100M","ROLLO TELA TABAC 3.5X100 MT",2,"ROLLO",16100,32200]
["TOTAL",null,null,null,null,null,null,{"$f":"SUM(H9:H26)","v":1945277.8800100002}]
[]
[]
[]
[]
[]
["INSTITUTO DEL TABACO DE LA REP. DOM. (INTABACO)"]
["INVENTARIO FERTILIZANTES"]
["MES DE FEBRERO 2022"]
[]
["Fecha de adquisión y/o registro","Artículo","Código Institucional","Descripción artículo","Existencia","Unidad","Costo","Valor"]
[]
[]
["2017-01-11","FERTILIZANTE ( 1 )","A10-18-15(S)","ABONO 10-18-15(S)",335,"QTAL",1916,{"$f":"+G40*E40","v":641860}]
["2017-06-26","FERTILIZANTE ( 1 )","ABON10-18-15S","ABONO 10-18-15 (S) FORM. SULF.",42,"QTAL",1415,59430]
["2017-12-26","FERTILIZANTE ( 1 )","ABON15-15-15","ABONO 15-15-15",1,"QTAL",1563,1563]
["2017-11-10","FERTILIZANTE ( 1 )","ABON15-15-15S-5S2MGO","ABON15-15-15S-5S +2MGO",148,"QTAL",1997.16,295579.68]
["2017-01-23","FERTILIZANTE ( 1 )","ABONO","ABONO 15-15-15 (S)+2MGO",3,"QTAL",1448,4344]
["2007-02-28","FERTILIZANTE ( 1 )","ABON-SOLIMAN ","ABONO-SOLIMAN ",28,"QTAL",525,14700]
["2016-10-04","FERTILIZANTE ( 1 )","ABOTNC","ABOTERRA NITRATO DE CALCIO",40,"55LBS",630,25200]
["2017-06-26","FERTILIZANTE ( 1 )","AVE-O.001","AVE-O (LITRO)",3,"LITRO",1620,4860]
["2016-10-04","FERTILIZANTE ( 1 )","CALMAGN-QTAL","CAL MAGNESIO",145,"QTAL",473,68585]
["2016-10-04","FERTILIZANTE ( 1 )","FLOR-SOLUB","FLORACION SOLUBLE",40,"55LBS",1214.4000000000001,48576]
["2017-11-01","FERTILIZANTE ( 1 )","PLAMT-3","PLAMTAR 3 - BALANCE NK",9,"25LBS",573.75,5163.75]
["2016-10-24","FERTILIZANTE ( 1 )","PLANT-SEM-12-8-20S","PLANTAR SEMILLERO 12-8-20S+4MGO+ME 67%N",7,"25LBS",751,5257]
["2017-11-01","FERTILIZANTE ( 1 )","PROD-SOLUB","PRODUCCION SOLUBLE",11,"55LBS",1862.0409099999999,20482.45001]
["2017-12-26","FERTILIZANTE ( 1 )","PS275L","PACA SUSTRACTO 275 LITROS",178,"UND",1785,317730]
["2017-01-23","FERTILIZANTE ( 1 )","SEMI-FUTURO","SEMILLERO FUTURO ( 12-8- 20+4MGO+4S+ME)",22,"55LBS",795,17490]
["2017-01-23","FERTILIZANTE ( 1 )","SULFZINC","SULFATO DE ZINC )",2,"25KG",1408,2816]
["2017-01-23","GENERAL ( 10 )","LOM","LOMBRICES COMPST FRUTAS Y VEGETALES",170,"UND",500,85000]
["2016-10-24","MATERIALES ( 9 )","ROLL-TELA3.5X100M","ROLLO TELA TABAC 3.5X100 MT",2,"ROLLO",16100,32200]
["TOTAL",null,null,null,null,null,null,{"$f":"SUM(H40:H57)","v":1650836.88001}]
[]
[]
[]
[]
[]
[]
[]
["INSTITUTO DEL TABACO DE LA REP. DOM. (INTABACO)"]
["INVENTARIO FERTILIZANTES"]
["MES DE MARZO 2022"]
[]
["Fecha de adquisión y/o registro","Artículo","Código Institucional","Descripción artículo","Existencia","Unidad","Costo","Valor"]
[]
[]
["2017-01-11","FERTILIZANTES","FERTILIZANTE ( 1 )","A10-18-15(S)",335,"QTAL",1916,{"$f":"+G73*E73","v":641860}]
["2017-06-26","FERTILIZANTES","FERTILIZANTE ( 1 )","ABON10-18-15S",42,"QTAL",1415,59430]
["2017-12-26","FERTILIZANTES","FERTILIZANTE ( 1 )","ABON15-15-15",1,"QTAL",1563,1563]
["2017-11-10","FERTILIZANTES","FERTILIZANTE ( 1 )","ABON15-15-15S-5S2MGO",131,"QTAL",1997.16,261627.96000000002]
["2017-01-23","FERTILIZANTES","FERTILIZANTE ( 1 )","ABONO",3,"QTAL",1448,4344]
["2007-02-28","FERTILIZANTES","FERTILIZANTE ( 1 )","ABON-SOLIMAN ",28,"QTAL",525,14700]
["2016-10-04","FERTILIZANTES","FERTILIZANTE ( 1 )","ABOTNC",40,"55LBS",630,25200]
["2017-06-26","FERTILIZANTES","FERTILIZANTE ( 1 )","CALMAGN-QTAL",145,"QTAL",473,68585]
["2016-10-04","FERTILIZANTES","FERTILIZANTE ( 1 )","FLOR-SOLUB",40,"55LBS",1214.4000000000001,48576]
["2016-10-04","FERTILIZANTES","FERTILIZANTE ( 1 )","PLAMT-3",9,"25LBS",573.75,5163.75]
["2017-11-01","FERTILIZANTES","FERTILIZANTE ( 1 )","PLANT-SEM-12-8-20S",7,"25LBS",751,5257]
["2016-10-24","FERTILIZANTES","FERTILIZANTE ( 1 )","PROD-SOLUB",11,"55LBS",1862.0409099999999,20482.45001]
["2017-11-01","FERTILIZANTES","FERTILIZANTE ( 1 )","PS275L",178,"UND",1785,317730]
["2017-12-26","FERTILIZANTES","FERTILIZANTE ( 1 )","SEMI-FUTURO",22,"55LBS",795,17490]
["2017-01-23","FERTILIZANTES","FERTILIZANTE ( 1 )","SULFZINC",2,"25KG",1408,2816]
["2017-01-23","FERTILIZANTES","GENERAL ( 10 )","LOM",170,"UND",500,85000]
["2017-01-23","FERTILIZANTES","MATERIALES ( 9 )","ROLL-TELA3.5X100M",2,"ROLLO",16100,32200]
["TOTAL",null,null,null,null,null,null,{"$f":"SUM(H73:H89)","v":1612025.16001}]